000 00288nam a2200121Ia 4500
008 190216s9999||||xx |||||||||||||| ||und||
100 _aThirunelluor Karunakaran
245 0 _aMegha Sandesham
260 _bNational Book Trust India
300 _a46p
650 _aKavithkal
942 _cBK
999 _c24910
_d24910